| 000 | 01065nam a2200277 i 4500 | ||
|---|---|---|---|
| 001 | 105291 | ||
| 003 | ES-MaACL | ||
| 005 | 20231005135809.0 | ||
| 007 | t| | ||
| 008 | 060623s1968 sp ||||1| spa d | ||
| 080 | _a77 Rico, Agustín (083.82) | ||
| 100 | 1 |
_aRico, Agustín. _997008 |
|
| 245 | 1 | 0 |
_aAgustín Rico _b: [exposición, Sala del Prado del Ateneo de Madrid, febrero de 1968] / _c[texto: Francisco García Pavón]. |
| 260 |
_a[Madrid] : _bPublicaciones Españolas, _c[1968] |
||
| 300 |
_a[12] p. : _bil. ; _c23 cm. |
||
| 490 | 1 |
_aCuadernos de arte. Serie divulgación ; _v97 |
|
| 600 | 1 | 4 |
_aRico, Agustín- _vExposiciones. _997009 |
| 610 | 2 | 7 |
_aAteneo de Madrid- _vExposiciones- _y1960-1969. _91920 |
| 655 | 7 |
_2tgfbne _9193628 _aCatálogos de exposiciones |
|
| 700 | 1 |
_aGarcía Pavón, Francisco. _955085 |
|
| 710 | 2 |
_aAteneo de Madrid. _bSala del Prado. _91965 |
|
| 830 | 0 |
_aCuadernos de arte. Serie divulgación ; _v97 _9184876 |
|
| 852 |
_aES-MaACL _j2205-F-15 _9109234 _bR.137758 _cDEPOF |
||
| 942 |
_2udc _cFOLLETOS |
||
| 999 |
_c105291 _d105291 |
||